000 00263nam a2200121Ia 4500
650 _aMATLAB/Simulink
942 _cBK
366 _f25
654 _amatlab
245 _aMatlab simulink for Digital communication
260 _b#N/A
546 _aENGLISH
_cPAMPHALETS
999 _c30896
_d30896